[Event "FIN-chT 1516"]
[Site "Finland"]
[Date "2016.03.12"]
[Round "10.2"]
[White "Sammalvuo, Tapani"]
[Black "Pihlajasalo, Antti"]
[Result "1/2-1/2"]
[WhiteElo "2428"]
[BlackElo "2442"]
[PlyCount "28"]
[EventDate "2015.09.12"]
[EventType "team-tourn"]
[EventRounds "11"]
[EventCountry "FIN"]
[SourceTitle "EXT 2017"]
[Source "ChessBase"]
[SourceDate "2016.10.25"]
[SourceVersion "1"]
[SourceVersionDate "2016.10.25"]
[SourceQuality "1"]
[WhiteTeam "Helsinki Velhot"]
[BlackTeam "Salo SalSK"]
[WhiteTeamCountry "FIN"]
[BlackTeamCountry "FIN"]

1. d4 d5 2. c4 e6 3. Nc3 Be7 4. Nf3 Nf6 5. Bg5 0-0 6. e3 Nbd7 7. Rc1 c6 8. Bd3 dxc4 9. Bxc4 Nd5 10. Bxe7 Qxe7 11. Ne4 N5f6 12. Nc3 Nd5 13. Ne4 N5f6 14. Nc3 Nd5 1/2-1/2

[Event "FIN-chT 1516"]
[Site "Finland"]
[Date "2015.11.08"]
[Round "6.2"]
[White "Sepp, Olav"]
[Black "Pihlajasalo, Antti"]
[Result "1-0"]
[WhiteElo "2427"]
[BlackElo "2442"]
[PlyCount "117"]
[EventDate "2015.09.12"]
[EventType "team-tourn"]
[EventRounds "11"]
[EventCountry "FIN"]
[SourceTitle "EXT 2017"]
[Source "ChessBase"]
[SourceDate "2016.10.25"]
[SourceVersion "1"]
[SourceVersionDate "2016.10.25"]
[SourceQuality "1"]
[WhiteTeam "Vantaa EtVaS"]
[BlackTeam "Salo SalSK"]
[WhiteTeamCountry "FIN"]
[BlackTeamCountry "FIN"]

1. e4 d5 2. exd5 Qxd5 3. Nc3 Qd6 4. d4 Nf6 5. Nb5 Qd8 6. c4 c6 7. Nc3 g6 8. Nf3 Bg7 9. Be2 0-0 10. 0-0 Bf5 11. Re1 Ne4 12. Bf1 Nxc3 13. bxc3 Re8 14. Qb3 Qb6 15. Bg5 Qxb3 16. axb3 Kf8 17. h3 h6 18. Bd2 g5 19. Ra5 Bc2 20. b4 Nd7 21. Rea1 a6 22. b5 Be4 23. bxc6 bxc6 24. Rxa6 c5 25. Be3 Rxa6 26. Rxa6 Ra8 27. Rxa8+ Bxa8 28. Nd2 f5 29. Nb3 e6 30. f4 cxd4 31. Nxd4 Kf7 32. fxg5 hxg5 33. Bxg5 Nc5 34. Bd2 Be4 35. Nb5 Kg6 36. Be2 e5 37. Be3 Bf8 38. g3 Ne6 39. Kf2 f4 40. gxf4 exf4 41. Bb6 Ng5 42. h4 Nh3+ 43. Ke1 Be7 44. h5+ Kh6 45. Bg4 Ng5 46. Nd4 Nf7 47. Bc7 Kg5 48. Be2 Bf6 49. Kd2 Be5 50. Bb6 Kf6 51. c5 Ke7 52. Bf3 Bxd4 53. Bxe4 Be3+ 54. Ke2 Ng5 55. Bd5 Kf8 56. Bd8 Nf7 57. c6 Nd6 58. Bf6 Bc1 59. c7 1-0

[Event "FIN-chT 1213"]
[Site "Finland"]
[Date "2013.02.10"]
[Round "11.3"]
[White "Agopov, Mikael"]
[Black "Pihlajasalo, Antti"]
[Result "1-0"]
[WhiteElo "2431"]
[BlackElo "2438"]
[PlyCount "55"]
[EventDate "2012.09.28"]
[EventType "team-tourn"]
[EventRounds "11"]
[EventCountry "FIN"]
[SourceTitle "EXT 2014"]
[Source "ChessBase"]
[SourceDate "2013.11.20"]
[SourceVersion "1"]
[SourceVersionDate "2013.11.20"]
[SourceQuality "1"]
[WhiteTeam "Porvoo Velhot"]
[BlackTeam "Salo SK"]
[WhiteTeamCountry "FIN"]
[BlackTeamCountry "FIN"]

1. e4 e5 2. Nf3 Nc6 3. Bb5 d6 4. d4 exd4 5. Nxd4 Bd7 6. Nc3 Nf6 7. 0-0 Be7 8. Re1 0-0 9. Bf1 Re8 10. h3 Nxd4 11. Qxd4 Bc6 12. Be3 d5 13. e5 Ne4 14. Rad1 Nxc3 15. Qxc3 Qd7 16. f4 Bb5 17. Qb3 Bc6 18. Bd4 Qf5 19. Qf3 Qxc2 20. Bd3 Qa4 21. Bb1 Bf8 22. e6 Rxe6 23. Rxe6 fxe6 24. b3 Qa6 25. Qh5 h6 26. Bg6 e5 27. Bf7+ Kh8 28. fxe5 1-0

[Event "FIN-chT 1213"]
[Site "Finland"]
[Date "2013.01.13"]
[Round "9.3"]
[White "Pihlajasalo, Antti"]
[Black "Mertanen, Janne"]
[Result "1/2-1/2"]
[WhiteElo "2438"]
[BlackElo "2390"]
[PlyCount "84"]
[EventDate "2012.09.28"]
[EventType "team-tourn"]
[EventRounds "11"]
[EventCountry "FIN"]
[SourceTitle "EXT 2014"]
[Source "ChessBase"]
[SourceDate "2013.11.20"]
[SourceVersion "1"]
[SourceVersionDate "2013.11.20"]
[SourceQuality "1"]
[WhiteTeam "Salo SK"]
[BlackTeam "Tammer Shakki"]
[WhiteTeamCountry "FIN"]
[BlackTeamCountry "FIN"]

1. Nf3 Nf6 2. c4 Nc6 3. d4 d6 4. Nc3 Bg4 5. d5 Nb8 6. e4 g6 7. Be2 Nbd7 8. 0-0 Bg7 9. Be3 0-0 10. Nd4 Bxe2 11. Qxe2 Rc8 12. Rfd1 c5 13. Nf3 Ng4 14. Bd2 Nge5 15. Ng5 Nb6 16. b3 h6 17. Nh3 Qd7 18. Nf4 a6 19. a4 Rb8 20. h3 Na8 21. Rab1 Rfc8 22. Nd3 Nxd3 23. Qxd3 Qc7 24. Ne2 b5 25. axb5 axb5 26. Bc3 bxc4 27. bxc4 Rxb1 28. Rxb1 Rb8 29. Ra1 Nb6 30. Bxg7 Kxg7 31. Qc3+ Kh7 32. f4 Ra8 33. Rxa8 Nxa8 34. f5 Qb8 35. fxg6+ fxg6 36. Kh2 Nb6 37. Nf4 Nd7 38. Ne6 Ne5 39. Qa1 Qg8 40. Nxc5 Qg7 41. Nb3 Nxc4 42. Qf1 Qe5+ 1/2-1/2

[Event "Dos Hermanas Internet qual-C 10th"]
[Site "ICC INT"]
[Date "2009.03.14"]
[Round "8"]
[White "Bortnyk, Olexandr"]
[Black "Pihlajasalo, Antti"]
[Result "0-1"]
[WhiteElo "2170"]
[BlackElo "2441"]
[PlyCount "138"]
[EventDate "2009.03.14"]
[EventType "swiss (blitz)"]
[EventRounds "12"]
[EventCountry "ESP"]
[SourceTitle "CBM 129 Extra"]
[Source "ChessBase"]
[SourceDate "2009.05.05"]
[SourceVersion "2"]
[SourceVersionDate "2009.05.20"]
[SourceQuality "1"]

1. e4 e5 2. Nf3 Nf6 3. Nxe5 d6 4. Nf3 Nxe4 5. Nc3 Nxc3 6. dxc3 Nc6 7. Be3 Bf5 8. Qd2 Be7 9. 0-0-0 0-0 10. h3 Bf6 11. g4 Be4 12. Bg2 Ne5 13. Nxe5 Bxg2 14. Rh2 Be4 15. Nd3 Bh4 16. g5 Qd7 17. Rg1 f5 18. Nf4 Qa4 19. Kb1 Rae8 20. Bd4 c5 21. Be3 d5 22. Bxc5 Bxc2+ 23. Ka1 Bb3 24. Ba3 Bc4 25. Nxd5 Rd8 26. Ne7+ Kh8 27. Qc1 Qe8 28. f4 Bd3 29. Rd2 Be4 30. Rxd8 Qxd8 31. Qe3 Re8 32. Qxa7 g6 33. Qd4+ Qxd4 34. cxd4 Bf2 35. Rd1 Kg7 36. Bd6 Bf3 37. Rf1 Bxd4 38. Rxf3 Rd8 39. Bb4 Bc5 40. Bc3+ Kf7 41. a3 Rd1+ 42. Ka2 Bxe7 43. h4 Rd7 44. h5 gxh5 45. Rh3 Kg6 46. Re3 b5 47. Re1 Kf7 48. Bb4 Bxb4 49. axb4 Rd4 50. Re5 Rxf4 51. Rxb5 Kg6 52. Rb6+ Kxg5 53. Ka3 h4 54. Ka4 h3 55. Rb8 Kg4 56. Rg8+ Kf3 57. Rh8 Rg4 58. Rxh7 Kg3 59. Rf7 f4 60. Rf5 f3 61. Rh5 h2 62. Rf5 f2 63. Rd5 h1Q 64. Rd1 Qf3 65. Rd3 Rxb4+ 66. Kxb4 Qxd3 67. Ka5 Qe2 68. b4 f1Q 69. Kb6 Qb5+ 0-1

[Event "Dos Hermanas Internet qual-C 10th"]
[Site "ICC INT"]
[Date "2009.03.14"]
[Round "11"]
[White "Grigoryan, Avetik"]
[Black "Pihlajasalo, Antti"]
[Result "1-0"]
[WhiteElo "2506"]
[BlackElo "2441"]
[PlyCount "63"]
[EventDate "2009.03.14"]
[EventType "swiss (blitz)"]
[EventRounds "12"]
[EventCountry "ESP"]
[SourceTitle "CBM 129 Extra"]
[Source "ChessBase"]
[SourceDate "2009.05.05"]
[SourceVersion "2"]
[SourceVersionDate "2009.05.20"]
[SourceQuality "1"]

1. e4 e6 2. Nf3 d5 3. e5 d4 4. c4 Nc6 5. a3 a5 6. Bd3 Nge7 7. h4 Ng6 8. Bxg6 hxg6 9. d3 Be7 10. Qe2 b6 11. Nbd2 Bb7 12. Ne4 a4 13. Bg5 Na5 14. Bxe7 Kxe7 15. Ned2 Qd7 16. Kf1 Rh5 17. Kg1 Rah8 18. Rh3 Qc6 19. Rg3 Rxh4 20. Nxh4 Rxh4 21. Re1 Nb3 22. Nxb3 axb3 23. Qd2 Ke8 24. Qg5 Rh5 25. Qf4 Rh3 26. Qg4 Rxg3 27. Qxg3 Qc5 28. Qh4 Qa5 29. Re2 b5 30. Qxd4 bxc4 31. dxc4 Qa4 32. Rd2 1-0

[Event "Dos Hermanas Internet qual-C 10th"]
[Site "ICC INT"]
[Date "2009.03.14"]
[Round "5"]
[White "Lie, Kjetil A"]
[Black "Pihlajasalo, Antti"]
[Result "0-1"]
[WhiteElo "2539"]
[BlackElo "2441"]
[PlyCount "48"]
[EventDate "2009.03.14"]
[EventType "swiss (blitz)"]
[EventRounds "12"]
[EventCountry "ESP"]
[SourceTitle "CBM 129 Extra"]
[Source "ChessBase"]
[SourceDate "2009.05.05"]
[SourceVersion "2"]
[SourceVersionDate "2009.05.20"]
[SourceQuality "1"]

1. c4 e6 2. g3 d5 3. Bg2 Be7 4. Nf3 Nf6 5. 0-0 0-0 6. Qc2 Nc6 7. b3 a5 8. Bb2 a4 9. d3 a3 10. Bc3 d4 11. Bd2 e5 12. Bg5 Nd7 13. Bxe7 Qxe7 14. e3 Nc5 15. exd4 exd4 16. Re1 Qf6 17. Qd2 Bf5 18. Nh4 Nxd3 19. Rf1 Ndb4 20. Nxf5 Qxf5 21. Rc1 Rfe8 22. Qd1 Nd3 23. Nd2 Qxf2+ 24. Kh1 Re1+ 0-1

[Event "Dos Hermanas Internet qual-C 10th"]
[Site "ICC INT"]
[Date "2009.03.14"]
[Round "6"]
[White "Pihlajasalo, Antti"]
[Black "Ghaem Maghami, Ehsan"]
[Result "1-0"]
[WhiteElo "2441"]
[BlackElo "2604"]
[PlyCount "149"]
[EventDate "2009.03.14"]
[EventType "swiss (blitz)"]
[EventRounds "12"]
[EventCountry "ESP"]
[SourceTitle "CBM 129 Extra"]
[Source "ChessBase"]
[SourceDate "2009.05.05"]
[SourceVersion "2"]
[SourceVersionDate "2009.05.20"]
[SourceQuality "1"]

1. e4 e5 2. Nf3 d6 3. Bc4 Be7 4. d3 Nf6 5. Bb3 0-0 6. Nbd2 Nbd7 7. c3 Nc5 8. Bc2 Ne6 9. Nf1 h6 10. Ng3 Nh7 11. 0-0 Neg5 12. Nxg5 Bxg5 13. Be3 Qf6 14. Qd2 Qg6 15. f4 Bxf4 16. Bxf4 exf4 17. Qxf4 Qg5 18. Qf2 Be6 19. d4 a6 20. Bb3 Rae8 21. Rae1 Nf6 22. Bxe6 fxe6 23. Qe3 Qxe3+ 24. Rxe3 Nd7 25. Rxf8+ Rxf8 26. Rf3 Re8 27. b3 b5 28. Kf2 e5 29. Ke3 Nf6 30. Kd3 d5 31. dxe5 Rxe5 32. Kd4 Rg5 33. e5 Nd7 34. Rf5 Rxf5 35. Nxf5 Kf7 36. Kxd5 Nb6+ 37. Kc6 h5 38. Kxc7 Nd5+ 39. Kd7 Nb6+ 40. Kd6 g6 41. e6+ Kf6 42. Nd4 Nc8+ 43. Kd7 Ne7 44. Nc6 Nf5 45. e7 Ng7 46. e8Q Nxe8 47. Kxe8 Ke6 48. Nb4 a5 49. Nc6 a4 50. bxa4 bxa4 51. Nd4+ Kd5 52. Kf7 g5 53. Kg6 Kc4 54. Kxg5 Kxc3 55. Nb5+ Kb4 56. Nd4 Kc3 57. Ne2+ Kb2 58. Kxh5 a3 59. Nd4 Kxa2 60. Nb5 Kb2 61. Nxa3 Kc3 62. g4 Kd4 63. g5 Ke5 64. Kg6 Ke6 65. h4 Ke5 66. h5 Kf4 67. Kh6 Kg3 68. g6 Kg4 69. Nb5 Kf5 70. Nc7 Kf4 71. Ne8 Kf5 72. Ng7+ Kf6 73. Kh7 Ke7 74. h6 Kf8 75. Nh5 1-0

[Event "FIN-chT 0809"]
[Site "Finland"]
[Date "2009.03.14"]
[Round "8.3"]
[White "Virtanen, Antti"]
[Black "Pihlajasalo, Antti"]
[Result "1/2-1/2"]
[WhiteElo "2337"]
[BlackElo "2442"]
[PlyCount "28"]
[EventDate "2008.09.06"]
[EventType "team-tourn"]
[EventRounds "9"]
[EventCountry "FIN"]
[SourceTitle "EXT 2022"]
[Source "ChessBase"]
[SourceDate "2021.10.06"]
[SourceVersion "1"]
[SourceVersionDate "2021.10.06"]
[SourceQuality "1"]
[WhiteTeam "Helsinki Aatos"]
[BlackTeam "Salo SK"]
[WhiteTeamCountry "FIN"]
[BlackTeamCountry "FIN"]

1. e4 e5 2. Nf3 Nf6 3. Nxe5 d6 4. Nf3 Nxe4 5. d4 d5 6. Bd3 Nc6 7. 0-0 Be7 8. Nc3 Nxc3 9. bxc3 0-0 10. h3 Re8 11. Bf4 h6 12. Qd2 Bf8 13. Rfe1 Rxe1+ 14. Rxe1 Be6 1/2-1/2

[Event "Dos Hermanas Internet qual-A 10th"]
[Site "ICC INT"]
[Date "2009.03.13"]
[Round "8"]
[White "Pihlajasalo, Antti"]
[Black "Von Herman, Ulf"]
[Result "1-0"]
[WhiteElo "2441"]
[BlackElo "2378"]
[PlyCount "105"]
[EventDate "2009.03.13"]
[EventType "swiss (blitz)"]
[EventRounds "12"]
[EventCountry "ESP"]
[SourceTitle "CBM 129 Extra"]
[Source "ChessBase"]
[SourceDate "2009.05.05"]
[SourceVersion "2"]
[SourceVersionDate "2009.05.20"]
[SourceQuality "1"]

1. e4 c6 2. c4 e5 3. Nf3 d6 4. d4 Nd7 5. Nc3 Ngf6 6. Bd3 g6 7. 0-0 Bg7 8. d5 0-0 9. b4 a5 10. dxc6 bxc6 11. b5 Bb7 12. bxc6 Bxc6 13. Ba3 Qe7 14. Nd5 Bxd5 15. cxd5 Rfb8 16. Nd2 Nh5 17. Nc4 Nc5 18. g3 Bf8 19. Bxc5 dxc5 20. Qa4 Qg5 21. Rfb1 Qg4 22. Nxe5 Rxb1+ 23. Rxb1 Qg5 24. Qc6 Ra7 25. Nd7 Qe7 26. Nxf8 Kxf8 27. d6 Qe6 28. Qxc5 Rd7 29. e5 Kg7 30. Bb5 Rd8 31. d7 Nf4 32. gxf4 Qg4+ 33. Kf1 Qxf4 34. e6 Qxh2 35. e7 Qh1+ 36. Ke2 Qe4+ 37. Kd2 Rxd7+ 38. Bxd7 Qxb1 39. e8Q Qxa2+ 40. Kd3 Qb1+ 41. Qc2 Qf1+ 42. Qee2 Qg2 43. Qc3+ Kh6 44. Bg4 Qd5+ 45. Kc2 Qg5 46. Qee3 f5 47. Qxg5+ Kxg5 48. Be2 h5 49. Bb5 h4 50. Ba4 h3 51. Qxh3 Kf6 52. f4 g5 53. Qh6+ 1-0

[Event "FIN-chT 0809"]
[Site "Finland"]
[Date "2009.02.14"]
[Round "6.3"]
[White "Pihlajasalo, Antti"]
[Black "Niemi, Kalle"]
[Result "1/2-1/2"]
[WhiteElo "2442"]
[BlackElo "2312"]
[PlyCount "68"]
[EventDate "2008.09.06"]
[EventType "team-tourn"]
[EventRounds "9"]
[EventCountry "FIN"]
[SourceTitle "EXT 2022"]
[Source "ChessBase"]
[SourceDate "2021.10.06"]
[SourceVersion "1"]
[SourceVersionDate "2021.10.06"]
[SourceQuality "1"]
[WhiteTeam "Salo SK"]
[BlackTeam "Vammala SK"]
[WhiteTeamCountry "FIN"]
[BlackTeamCountry "FIN"]

1. Nf3 d5 2. d4 Nf6 3. g3 c6 4. Bg2 Bf5 5. 0-0 h6 6. c4 e6 7. Nc3 Nbd7 8. cxd5 exd5 9. Bf4 Be7 10. a3 a5 11. Ne5 0-0 12. Nxd7 Nxd7 13. e4 dxe4 14. Nxe4 Qb6 15. d5 cxd5 16. Qxd5 Be6 17. Qd2 Rfd8 18. Qe3 Rac8 19. Qxb6 Nxb6 20. Rfd1 Nc4 21. Rxd8+ Rxd8 22. b3 Nxa3 23. Bc7 Rd3 24. Bxa5 Rxb3 25. Rc1 Nc4 26. Nd2 Nxd2 27. Bxd2 b5 28. Be4 Bf6 29. Kf1 Bc4+ 30. Ke1 Bd4 31. Rb1 Ra3 32. Bc6 Ra6 33. Bxb5 Rb6 34. Rb4 Rxb5 1/2-1/2

[Event "FIN-chT 0809"]
[Site "Finland"]
[Date "2008.09.07"]
[Round "2.2"]
[White "Pihlajasalo, Antti"]
[Black "Hartikainen, Markku"]
[Result "1/2-1/2"]
[WhiteElo "2442"]
[BlackElo "2297"]
[PlyCount "121"]
[EventDate "2008.09.06"]
[EventType "team-tourn"]
[EventRounds "9"]
[EventCountry "FIN"]
[SourceTitle "EXT 2022"]
[Source "ChessBase"]
[SourceDate "2021.10.06"]
[SourceVersion "1"]
[SourceVersionDate "2021.10.06"]
[SourceQuality "1"]
[WhiteTeam "Salo SK"]
[BlackTeam "Helsinki HSK"]
[WhiteTeamCountry "FIN"]
[BlackTeamCountry "FIN"]

1. g3 Nf6 2. Bg2 g6 3. e4 d6 4. Ne2 Bg7 5. 0-0 0-0 6. Nbc3 c5 7. d3 Nc6 8. h3 Rb8 9. Be3 b5 10. Qd2 b4 11. Nd1 Bb7 12. Bh6 Bxh6 13. Qxh6 Nd4 14. Qd2 Qb6 15. Ne3 Nxe2+ 16. Qxe2 a5 17. Nc4 Qc7 18. e5 Bxg2 19. Kxg2 Nh5 20. exd6 exd6 21. Qf3 Rbd8 22. Rfe1 d5 23. Ne3 Qd6 24. a3 Nf6 25. axb4 axb4 26. Ra7 Ra8 27. Nc4 Qd8 28. Rxa8 Qxa8 29. Ne5 Kg7 30. Ng4 Nxg4 31. hxg4 Qc6 32. Re5 Rd8 33. Re7 Rf8 34. Re5 Rd8 35. Re7 Rf8 36. g5 Qd6 37. Qe3 Rd8 38. d4 c4 39. Rb7 Kf8 40. Qf3 Rd7 41. Rb5 Kg7 42. Qf4 Qe7 43. Rb6 Kg8 44. Qf6 Qf8 45. Qe5 Rd8 46. Rb5 Rd7 47. Kg1 c3 48. bxc3 bxc3 49. Rxd5 Rxd5 50. Qxd5 Qa3 51. Kg2 Qc1 52. Qb3 Qd2 53. d5 Qxg5 54. f4 Qg4 55. Qb8+ Kg7 56. Qe5+ Kh6 57. d6 Qd1 58. Qg5+ Kg7 59. Qe5+ Kh6 60. Qg5+ Kg7 61. Qe5+ 1/2-1/2

[Event "Dos Hermanas Internet f 9th"]
[Site "ICC INT"]
[Date "2008.04.04"]
[Round "1.4"]
[White "Godena, Michele"]
[Black "Pihlajasalo, Antti"]
[Result "1/2-1/2"]
[WhiteElo "2528"]
[BlackElo "2436"]
[PlyCount "63"]
[EventDate "2008.04.04"]
[EventType "k.o. (blitz)"]
[EventRounds "5"]
[EventCountry "ESP"]
[SourceTitle "CBM 123 Extra"]
[Source "ChessBase"]
[SourceDate "2008.05.06"]
[SourceVersion "1"]
[SourceVersionDate "2008.05.06"]
[SourceQuality "1"]

1. e4 e5 2. Bc4 Nf6 3. d3 c6 4. Nf3 Be7 5. 0-0 d6 6. Bb3 0-0 7. c3 Nbd7 8. Nbd2 h6 9. Re1 Re8 10. Nf1 Nf8 11. Ng3 Be6 12. Bc2 Ng6 13. d4 Qc7 14. h3 Rad8 15. Be3 d5 16. exd5 Nxd5 17. Bxg6 fxg6 18. Nxe5 g5 19. Bd2 c5 20. Ng6 Bf6 21. dxc5 Nf4 22. Nxf4 gxf4 23. Ne4 Be5 24. Qc2 Bc4 25. Nd6 Bxd6 26. Rxe8+ Rxe8 27. cxd6 Qxd6 28. Re1 Rxe1+ 29. Bxe1 Qd3 30. Qxd3 Bxd3 31. Bd2 g5 32. g3 1/2-1/2

[Event "Dos Hermanas Internet f 9th"]
[Site "ICC INT"]
[Date "2008.04.04"]
[Round "1.3"]
[White "Pihlajasalo, Antti"]
[Black "Godena, Michele"]
[Result "1/2-1/2"]
[WhiteElo "2436"]
[BlackElo "2528"]
[PlyCount "148"]
[EventDate "2008.04.04"]
[EventType "k.o. (blitz)"]
[EventRounds "5"]
[EventCountry "ESP"]
[SourceTitle "CBM 123 Extra"]
[Source "ChessBase"]
[SourceDate "2008.05.06"]
[SourceVersion "1"]
[SourceVersionDate "2008.05.06"]
[SourceQuality "1"]

1. e4 e5 2. Nf3 Nc6 3. Nc3 Nf6 4. Bb5 Bb4 5. 0-0 0-0 6. d3 d6 7. Ne2 Ne7 8. c3 Ba5 9. Ng3 c6 10. Ba4 Bc7 11. d4 Ng6 12. Re1 h6 13. h3 Bd7 14. Be3 Re8 15. Qd2 Qe7 16. Nf5 Bxf5 17. exf5 Nf8 18. g4 e4 19. Nh2 d5 20. Bf4 N8h7 21. h4 Rad8 22. Bd1 Bxf4 23. Qxf4 Qd6 24. Qxd6 Rxd6 25. Rc1 g5 26. fxg6 fxg6 27. Rc2 Rf8 28. f3 exf3 29. Bxf3 g5 30. h5 Rdd8 31. Rce2 Rfe8 32. Kg2 Rxe2+ 33. Rxe2 Re8 34. Rxe8+ Nxe8 35. Nf1 Nf8 36. Ne3 Nd6 37. Be2 Ne6 38. Kf3 Kf7 39. Bd3 Nf4 40. Bf5 Kf6 41. b3 a5 42. c4 dxc4 43. bxc4 a4 44. c5 Nb5 45. Nc2 Nd5 46. Bd3 Nbc3 47. Bc4 b5 48. Bxd5 Nxd5 49. a3 Nc3 50. Ke3 Ke6 51. Kd3 Nd5 52. Kd2 Nf6 53. Ne3 Ne4+ 54. Kd3 Nf6 55. Kc3 Kf7 56. Kb4 Ke6 57. Ka5 Nd5 58. Nc2 Nc3 59. Kb6 Kd5 60. Kc7 Ne4 61. Kb6 Nf2 62. Nb4+ Kxd4 63. Kxc6 Nxg4 64. Kxb5 Ne5 65. c6 Nxc6 66. Kxc6 g4 67. Nc2+ Kd3 68. Ne1+ Ke2 69. Ng2 Kf3 70. Nh4+ Kg3 71. Nf5+ Kf4 72. Nh4 Kg3 73. Nf5+ Kf4 74. Nh4 Kg3 1/2-1/2

[Event "Salo Hermlin Memorial"]
[Site "Salo"]
[Date "2008.??.??"]
[Round "2"]
[White "Suuronen, Petri"]
[Black "Pihlajasalo, Antti"]
[Result "0-1"]
[WhiteElo "1949"]
[BlackElo "2440"]
[PlyCount "102"]
[EventDate "2008.??.??"]
[EventType "swiss"]
[EventRounds "5"]
[EventCountry "FIN"]
[SourceTitle "EXT 2011"]
[Source "ChessBase"]
[SourceDate "2010.11.26"]
[SourceVersion "1"]
[SourceVersionDate "2010.11.26"]
[SourceQuality "1"]

1. Nf3 d5 2. d4 e6 3. c4 Be7 4. Nc3 Nf6 5. Bg5 h6 6. Bh4 0-0 7. e3 Ne4 8. Bxe7 Qxe7 9. Qc2 Nxc3 10. Qxc3 dxc4 11. Bxc4 b6 12. Rc1 Bb7 13. 0-0 Nd7 14. b4 Rfc8 15. b5 c5 16. bxc6 Rxc6 17. Qb2 Rac8 18. Bd3 Qd6 19. Nd2 Nf6 20. Be2 Qc7 21. Rxc6 Qxc6 22. Bf3 Qc2 23. Qxc2 Rxc2 24. Bxb7 Rxd2 25. a4 Ra2 26. Bc6 Nd5 27. Rc1 Nb4 28. Bd7 Nd3 29. Rc8+ Kh7 30. h3 Nxf2 31. Rc7 Nd1 32. Rxa7 Nxe3 33. Bc6 f5 34. Re7 Nc2 35. Rd7 Nb4 36. Bb5 Nd5 37. Rd6 Nf4 38. Rxb6 Rxg2+ 39. Kf1 Ra2 40. Bd7 Ra3 41. h4 g5 42. hxg5 hxg5 43. Bxe6 Nxe6 44. Rxe6 Rxa4 45. Re5 Kg6 46. d5 f4 47. Kg2 g4 48. d6 Rd4 49. Re6+ Kf5 50. Rh6 Rd2+ 51. Kf1 g3 0-1

[Event "Internet Section 11A g/8'+2\""]
[Site "Dos Hermanas"]
[Date "2004.03.11"]
[Round "9"]
[White "Pihlajasalo, Antti"]
[Black "Diaz, Dagoberto"]
[Result "1-0"]
[WhiteElo "2431"]
[BlackElo "2245"]
[PlyCount "61"]
[EventDate "2004.03.11"]
[EventType "swiss (blitz)"]
[EventRounds "9"]
[EventCountry "ESP"]
[SourceTitle "EXT 2005"]
[Source "ChessBase"]
[SourceDate "2004.11.15"]
[SourceVersion "1"]
[SourceVersionDate "2004.11.15"]
[SourceQuality "1"]

1. e4 c5 2. Nc3 Nc6 3. g3 d6 4. Bg2 e5 5. d3 f5 6. exf5 Bxf5 7. Nf3 Nf6 8. Nh4 Be6 9. 0-0 Be7 10. f4 exf4 11. Bxf4 0-0 12. Re1 Bg4 13. Bf3 Bxf3 14. Qxf3 Nd4 15. Qxb7 Nd7 16. Nf3 Bf6 17. Nxd4 Bxd4+ 18. Kh1 Ne5 19. Bxe5 Bxe5 20. Rf1 Rb8 21. Qd5+ Kh8 22. Ne4 Rxb2 23. Ng5 h6 24. Nf7+ Rxf7 25. Rxf7 Rxc2 26. Raf1 Qg5 27. Rf8+ Kh7 28. Qe4+ g6 29. R8f7+ Bg7 30. Rxg7+ Kxg7 31. Qb7+ 1-0

[Event "Internet Section 11A g/8'+2\""]
[Site "Dos Hermanas"]
[Date "2004.03.10"]
[Round "3"]
[White "Pihlajasalo, Antti"]
[Black "Vukanovic, Sasa"]
[Result "1/2-1/2"]
[WhiteElo "2431"]
[BlackElo "2350"]
[PlyCount "68"]
[EventDate "2004.03.11"]
[EventType "swiss (blitz)"]
[EventRounds "9"]
[EventCountry "ESP"]
[SourceTitle "EXT 2005"]
[Source "ChessBase"]
[SourceDate "2004.11.15"]
[SourceVersion "1"]
[SourceVersionDate "2004.11.15"]
[SourceQuality "1"]

1. e4 e5 2. Nf3 Nf6 3. Nxe5 d6 4. Nf3 Nxe4 5. Qe2 Qe7 6. d3 Nf6 7. Nc3 Nbd7 8. Be3 a6 9. 0-0-0 g6 10. Re1 Bg7 11. Qd2 0-0 12. Bh6 Qd8 13. Bxg7 Kxg7 14. d4 b5 15. Ne4 Bb7 16. Bd3 Nxe4 17. Bxe4 Bxe4 18. Rxe4 Nf6 19. Re2 Qd7 20. Rhe1 Rfe8 21. h3 Rxe2 22. Rxe2 Re8 23. Rxe8 Qxe8 24. Qe3 Qxe3+ 25. fxe3 Nd5 26. Kd2 f5 27. Ng5 h6 28. Ne6+ Kf6 29. Nf4 Nxf4 30. exf4 Ke6 31. Kd3 Kd5 32. c3 c5 33. b3 cxd4 34. cxd4 b4 1/2-1/2

[Event "FIN-chT 0102"]
[Site "Finland"]
[Date "2001.11.17"]
[Round "4.2"]
[White "Hentunen, Asko"]
[Black "Pihlajasalo, Antti"]
[Result "0-1"]
[WhiteElo "2360"]
[BlackElo "2423"]
[PlyCount "56"]
[EventDate "2001.09.21"]
[EventType "team-tourn"]
[EventRounds "9"]
[EventCountry "FIN"]
[SourceTitle "EXT 2022"]
[Source "ChessBase"]
[SourceDate "2021.10.06"]
[SourceVersion "1"]
[SourceVersionDate "2021.10.06"]
[SourceQuality "1"]
[WhiteTeam "Espoo MatSK"]
[BlackTeam "Joensuu SK"]
[WhiteTeamCountry "FIN"]
[BlackTeamCountry "FIN"]

1. c4 e6 2. g3 d5 3. Bg2 Nf6 4. Nf3 Be7 5. 0-0 0-0 6. b3 a5 7. Nc3 c6 8. d4 b6 9. Ne5 Nfd7 10. f4 Ba6 11. cxd5 cxd5 12. f5 Nxe5 13. dxe5 Qc7 14. Bb2 Qxe5 15. fxe6 fxe6 16. Qd2 Bc5+ 17. Kh1 Nc6 18. Nxd5 Qxe2 19. Qxe2 Bxe2 20. Rfe1 Bf3 21. Bxf3 Rxf3 22. Rxe6 Rf2 23. Rxc6 Rxb2 24. Rf1 Rd8 25. Rc7 h6 26. Rf5 Re8 27. Rcf7 Re1+ 28. Rf1 Ree2 0-1

[Event "Tampere op6"]
[Site "Tampere"]
[Date "2000.??.??"]
[Round "2"]
[White "Kekki, Jorma J"]
[Black "Pihlajasalo, Antti"]
[Result "0-1"]
[WhiteElo "2189"]
[BlackElo "2401"]
[PlyCount "58"]
[EventDate "2000.??.??"]
[EventType "swiss"]
[EventRounds "5"]
[EventCountry "FIN"]
[SourceTitle "EXT 2002"]
[Source "ChessBase"]
[SourceDate "2001.11.25"]
[SourceVersion "1"]
[SourceVersionDate "2001.11.25"]
[SourceQuality "1"]

1. d4 d5 2. Nf3 e6 3. g3 Nf6 4. Bg2 Be7 5. 0-0 0-0 6. c4 dxc4 7. Qc2 a6 8. a4 Bd7 9. Ne5 Bc6 10. Nxc6 Nxc6 11. Bxc6 bxc6 12. Qxc4 Qd5 13. Na3 c5 14. Qxd5 Nxd5 15. dxc5 Bxc5 16. Bd2 Rab8 17. Nc4 Bb4 18. Bxb4 Rxb4 19. Rfc1 g6 20. Rc2 Rfb8 21. e4 Nb6 22. Nxb6 cxb6 23. f3 a5 24. Kf2 Rd8 25. Ra3 Rdd4 26. Rac3 Rxa4 27. Rc8+ Kg7 28. R2c7 Rd2+ 29. Ke3 Rxb2 0-1